Pasarela 2. Unidades didácticas globalizadas. A partir del conocimiento del medio social, natural y cultural. 2º E.P. Primer ciclo. Libro 1

Gespeichert in:
Bibliographische Detailangaben
1. Verfasser: Batllori Obiols, Roser Franch Batlle, Joan Mª y otros Pagès Blanch, Joan
Format: keine Angabe
Sprache:Spanisch
Erschienen: Madrid Bruño 1992
Katalog:MANES:  Suchergebnis im Bibliothekskatalog
Schulbuchspezifische Eigenschaften:
Tags: Tag hinzufügen
Keine Tags, Fügen Sie den ersten Tag hinzu!
Hinzugefügt zu:26.04.2016
Geändert in:26.01.2021

MARC

LEADER 000000000a22000000004500
001 03718
003 OSt
005 20210126061114.0
008 160427s sp ||||| |||| 00| 0 spa d
999 |c 9692  |d 9692 
040 |c centro_manes 
041 1 |a spa 
100 1 |a Batllori Obiols, Roser  |9 590  |a Franch Batlle, Joan Mª y otros  |9 591  |a Pagès Blanch, Joan  |9 592 
245 0 0 |a Pasarela 2. Unidades didácticas globalizadas. A partir del conocimiento del medio social, natural y cultural. 2º E.P. Primer ciclo. Libro 1 
260 3 |a Madrid  |b Bruño  |c 1992 
300 |a 95 p.  |c 29x21 cm 
546 |a España 
690 7 |a CN 
690 0 |a CS 
691 7 |a PRI 
942 |2 ddc  |c BK 
999 |c manes:9692  |d 9692